Poesía Postcomtemporánea

محفوظ في:
التفاصيل البيبلوغرافية
المؤلف الرئيسي: Bousoño, Carlos
التنسيق: كتاب
اللغة:Undetermined
منشور في: Barcelona, España Ediciones Júcar 1984
الموضوعات:
الوسوم: إضافة وسم
لا توجد وسوم, كن أول من يضع وسما على هذه التسجيلة!

MARC

LEADER 00000nam a2200000Ia 4500
008 170316s9999 xx 000 0 und d
040 |a cru BVZT 
090 |a 862 B-20p 
100 |a Bousoño, Carlos 
245 |a Poesía Postcomtemporánea 
260 |a Barcelona, España 
260 |b Ediciones Júcar 
260 |c 1984 
300 |a 301 páginas 
650 |a LITERATURA ESPAÑOLA 
650 |a POESÍA 
999 |c 9533  |d 9533 
942 |c 15 D  |h 862 B-20p  |2 z